书目信息 |
| 题名: |
傅雷家书
|
|
| 作者: | 傅雷 著 | |
| 分册: | ||
| 出版信息: | 北京 三联书店 1981 |
|
| 页数: | 268页 | |
| 开本: | 19cm | |
| 丛书名: | ||
| 单 册: | ||
| 中图分类: | K825.6 , I267 , G626 | |
| 科图分类: | ||
| 主题词: | 书信集 , 教育--各级 | |
| 电子资源: | ||
| ISBN: | ||
| 000 | 00706nam0 2200277 450 | |
| 001 | 1561034991 | |
| 005 | 20150122165755.54 | |
| 010 | @dCNY0.95 | |
| 091 | @a7002.24 | |
| 100 | @a19950413d1981 em y0chiy0110 ea | |
| 101 | 0 | @achi |
| 102 | @aCN@b110000 | |
| 105 | @af z 000ey | |
| 200 | 1 | @a傅雷家书@9fu lei jia shu@f傅雷著 |
| 210 | @a北京@c三联书店@d1981 | |
| 215 | @a268页@c照片@d19cm | |
| 600 | 0 | @a傅雷@f(1908~1966)@x书信集 |
| 600 | 0 | @2CT@3S903734@a傅雷@f(1908~1966) |
| 606 | 0 | @a书信集 |
| 606 | 0 | @a教育@x各级 |
| 690 | @aK825.6@v5 | |
| 690 | @aI267@v5 | |
| 690 | @aG626@v4 | |
| 701 | 0 | @a傅雷@9fu lei@f(1908~1966)@4著 |
| 801 | 0 | @aCN@bTSSF@c20150122 |
| 905 | @aZUCC@dG626@eJY29 | |
| 傅雷家书/傅雷著.-北京:三联书店,1981 |
| 268页:照片;19cm |
| ISBN :CNY0.95 |
| ● |
| 相关链接 |
|
|
|
|
正题名:傅雷家书
索取号:G626/JY29
 
预约/预借
| 序号 | 登录号 | 条形码 | 馆藏地/架位号 | 状态 | 备注 |
| 1 | 7844178 | 278441786 | 学院路分馆/ [索取号:G626/JY29] | 在馆 |